[Event "Khanty-Mansiysk Governor Cup 20th"]
[Site "Khanty-Mansiysk"]
[Date "2024.11.11"]
[Round "7"]
[White "Titarov, Vasilii"]
[Black "Pridorozhni, Aleksei"]
[Result "0-1"]
[WhiteElo "2146"]
[BlackElo "2510"]
[PlyCount "178"]
[EventDate "2024.11.05"]
[EventType "swiss"]
[EventRounds "9"]
[EventCountry "RUS"]
[SourceTitle "CB47_2024"]
[SourceDate "2024.11.20"]
[SourceVersion "1"]
[SourceVersionDate "2024.11.20"]
[SourceQuality "1"]

1. e4 e5 2. Nf3 Nc6 3. Bb5 f5 4. d3 fxe4 5. dxe4 Nf6 6. 0-0 d6 7. Nc3 Be7 8. Bc4 Bg4 9. h3 Bh5 10. g4 Bg6 11. Ng5 Nd4 12. f4 h6 13. Nf3 Nxf3+ 14. Qxf3 c6 15. f5 Bf7 16. Bxf7+ Kxf7 17. Kg2 d5 18. Rd1 Rc8 19. Be3 d4 20. Ne2 c5 21. Bc1 Qb6 22. c4 Qc6 23. Ng3 Ne8 24. a4 Bh4 25. Re1 Nd6 26. Qd3 a5 27. Bd2 b6 28. b3 Rcf8 29. Re2 Ke8 30. Nh5 Rf7 31. Be1 Bxe1 32. Raxe1 Kd8 33. Qg3 Qe8 34. Qd3 Kc7 35. Ng3 Qd8 36. Nh5 Kb7 37. Qg3 Qe8 38. Qd3 Ka6 39. Rf2 Rhf8 40. Ref1 Qc6 41. Ng3 Qe8 42. Rf3 Qd8 43. R3f2 Qa8 44. Rf3 h5 45. gxh5 Ne8 46. Kf2 Nf6 47. Rg1 Rh8 48. Rg2 Rh6 49. Kg1 Rf8 50. Kh2 Rfh8 51. Rg1 R8h7 52. Rg2 Qd8 53. Rg1 Ne8 54. Nh1 Rxh5 55. Nf2 Nf6 56. Rfg3 Qh8 57. Rf3 Rh4 58. Re1 Nh5 59. Rg1 Nf4 60. Qf1 Qa8 61. Rgg3 Qc6 62. Qe1 g6 63. fxg6 Nxg6 64. Rg4 Qe6 65. Qg1 R4h6 66. Nd3 Nh4 67. Rf8 Nf5 68. Nf2 Ne3 69. Rg3 Rh4 70. Ra8+ Kb7 71. Rf8 Qh6 72. Rff3 Rf4 73. Nd3 Rxf3 74. Rxf3 Rg7 75. Rg3 Rf7 76. Rg8 Nf1+ 77. Kg2 Qh7 78. Rg4 Ne3+ 79. Kh2 Nxg4+ 80. Qxg4 Rg7 81. Qf3 Qg6 82. h4 Qg1+ 83. Kh3 Qe3 84. Qxe3 dxe3 85. h5 e2 86. h6 Rd7 87. Ne1 Rd1 88. h7 Rxe1 89. Kh2 Rh1+ 0-1

[Event "Khanty-Mansiysk Governor Cup 20th"]
[Site "Khanty-Mansiysk"]
[Date "2024.11.06"]
[Round "2"]
[White "Titarov, Vasilii"]
[Black "Afanasiev, Nikita"]
[Result "0-1"]
[WhiteElo "2146"]
[BlackElo "2526"]
[PlyCount "96"]
[EventDate "2024.11.05"]
[EventType "swiss"]
[EventRounds "9"]
[EventCountry "RUS"]
[SourceTitle "CB47_2024"]
[SourceDate "2024.11.20"]
[SourceVersion "1"]
[SourceVersionDate "2024.11.20"]
[SourceQuality "1"]

1. e4 e5 2. Nf3 Nc6 3. Bb5 a6 4. Ba4 Nge7 5. 0-0 g6 6. c3 Bg7 7. d4 exd4 8. cxd4 b5 9. Bb3 Na5 10. Bc2 d6 11. h3 0-0 12. Nc3 h6 13. Re1 Bb7 14. d5 Nc4 15. Bb3 Na5 16. Bc2 c5 17. dxc6 Nexc6 18. Nd5 Nc4 19. Rb1 Rc8 20. Bb3 N6a5 21. Bxc4 Nxc4 22. b3 Nb6 23. Nxb6 Qxb6 24. Bb2 Rfe8 25. Bxg7 Kxg7 26. Qd3 b4 27. Rbd1 a5 28. Qxd6 Qxd6 29. Rxd6 Rxe4 30. Rxe4 Bxe4 31. Nd2 Rc1+ 32. Kh2 Bf5 33. Nc4 Rc2 34. Rd2 Rxd2 35. Nxd2 Be6 36. Kg3 g5 37. f3 Kf6 38. Kf2 Ke5 39. Ke3 f5 40. g3 f4+ 41. gxf4+ gxf4+ 42. Kd3 Bxh3 43. Nc4+ Kd5 44. Nxa5 Bf1+ 45. Kd2 Ba6 46. Ke1 Kc5 47. Kd2 h5 48. Ke1 Kb6 0-1

[Event "Titled Tuesday intern op 17th Sep Early"]
[Site "Chess,com INT"]
[Date "2024.09.17"]
[Round "10"]
[White "Hamidov, Allahverdi"]
[Black "Titarov, Vasilii"]
[Result "1-0"]
[WhiteElo "2247"]
[BlackElo "2095"]
[PlyCount "99"]
[EventDate "2024.09.17"]
[EventType "swiss (blitz)"]
[EventRounds "11"]
[EventCountry "USA"]
[SourceTitle "EXT 2025"]
[Source "ChessBase"]
[SourceDate "2024.10.14"]
[SourceVersion "1"]
[SourceVersionDate "2024.10.14"]
[SourceQuality "1"]

1. d4 Nf6 2. c4 e6 3. Nc3 Bb4 4. e3 0-0 5. Bd3 Re8 6. Nf3 d5 7. 0-0 c5 8. cxd5 exd5 9. dxc5 Bxc5 10. h3 Nc6 11. b3 a6 12. Bb2 Ba7 13. Rc1 Be6 14. Ne2 Ne4 15. Nf4 Bf5 16. Bb1 Nxf2 17. Rxf2 Bxb1 18. Rxb1 Bxe3 19. Nxd5 Bxf2+ 20. Kxf2 Qa5 21. Nf4 Rad8 22. Qc2 Ne5 23. Bxe5 Rxe5 24. b4 Qb6+ 25. Kg3 Re3 26. Qc5 Qxc5 27. bxc5 Rc3 28. Rxb7 Rxc5 29. Ra7 Ra5 30. Nd3 Rxa2 31. Nde5 f6 32. Nc6 Re8 33. Ne7+ Kf8 34. Nf5 g6 35. N5d4 Re7 36. Ra8+ Kg7 37. h4 Re4 38. h5 Kh6 39. hxg6 hxg6 40. Ra7 a5 41. Ra6 Kg7 42. Ne6+ Kh6 43. Nf4 Raa4 44. Rxf6 Kh7 45. Ng5+ Kg7 46. Nxe4 Rxe4 47. Ra6 a4 48. Rxg6+ Kf7 49. Ra6 Rb4 50. Kg4 1-0

[Event "Titled Tuesday intern op 17th Sep Early"]
[Site "Chess,com INT"]
[Date "2024.09.17"]
[Round "11"]
[White "Titarov, Vasilii"]
[Black "Djokic, Mihailo"]
[Result "0-1"]
[WhiteElo "2095"]
[BlackElo "2179"]
[PlyCount "64"]
[EventDate "2024.09.17"]
[EventType "swiss (blitz)"]
[EventRounds "11"]
[EventCountry "USA"]
[SourceTitle "EXT 2025"]
[Source "ChessBase"]
[SourceDate "2024.10.14"]
[SourceVersion "1"]
[SourceVersionDate "2024.10.14"]
[SourceQuality "1"]

1. e4 c5 2. Nf3 d6 3. d4 cxd4 4. Nxd4 Nf6 5. Nc3 g6 6. Bc4 Bg7 7. 0-0 0-0 8. Re1 Nc6 9. Nb3 a6 10. Bg5 b5 11. Bf1 Bb7 12. Nd5 Re8 13. Qd2 Ne5 14. Na5 Bxd5 15. exd5 Nxd5 16. Qxd5 Qxa5 17. Bxe7 Rac8 18. Bxd6 Nf3+ 19. Qxf3 Rxe1 20. Rxe1 Qxe1 21. c3 Rd8 22. Bc5 Bf8 23. Bd4 Bg7 24. Bc5 h5 25. Qe3 Rd1 26. Qxe1 Rxe1 27. Bb4 Ra1 28. a4 Rxa4 29. f3 Ra2 30. b3 Rc2 31. c4 Bd4+ 32. Kh1 Rc1 0-1

[Event "Titled Tuesday intern op 17th Sep Early"]
[Site "Chess,com INT"]
[Date "2024.09.17"]
[Round "8"]
[White "Titarov, Vasilii"]
[Black "Weishaeutel, Moritz"]
[Result "1-0"]
[WhiteElo "2095"]
[BlackElo "2401"]
[PlyCount "121"]
[EventDate "2024.09.17"]
[EventType "swiss (blitz)"]
[EventRounds "11"]
[EventCountry "USA"]
[SourceTitle "EXT 2025"]
[Source "ChessBase"]
[SourceDate "2024.10.14"]
[SourceVersion "1"]
[SourceVersionDate "2024.10.14"]
[SourceQuality "1"]

1. e4 d5 2. exd5 Qxd5 3. Nc3 Qa5 4. d4 Nf6 5. Nf3 Bf5 6. Ne5 c6 7. Bc4 e6 8. g4 Be4 9. 0-0 Bd5 10. Nxd5 Nxd5 11. Qf3 Qc7 12. Re1 Bd6 13. Bd3 0-0 14. c4 Ne7 15. Bf4 Ng6 16. Bxg6 hxg6 17. c5 Bxe5 18. Bxe5 Qd8 19. Bd6 Re8 20. b4 Na6 21. b5 Nb4 22. bxc6 Nxc6 23. Red1 Qg5 24. Rab1 Nd8 25. h3 Rc8 26. Re1 b6 27. cxb6 axb6 28. Rxb6 Rc1 29. Rb1 Rxe1+ 30. Rxe1 Qa5 31. Re2 Qa4 32. Bc5 Qc4 33. Kg2 Qb5 34. Re5 Qd7 35. d5 Qc7 36. d6 Qd7 37. Bb4 Nb7 38. Re1 e5 39. Rd1 e4 40. Qe3 Nd8 41. Qb6 Nc6 42. Bc5 f5 43. Qc7 Qxc7 44. dxc7 f4 45. Bb6 Rc8 46. Rd8+ Nxd8 47. cxd8Q+ Rxd8 48. Bxd8 Kf7 49. Bg5 f3+ 50. Kg3 Ke6 51. Kf4 Kd5 52. Ke3 Ke5 53. h4 Kd5 54. a4 Ke5 55. a5 Ke6 56. a6 Kf7 57. a7 Kg8 58. Kxe4 Kh7 59. Kxf3 Kg8 60. a8Q+ Kh7 61. Qb7 1-0

[Event "Titled Tuesday intern op 03rd Sep Early"]
[Site "Chess.com INT"]
[Date "2024.09.03"]
[Round "4"]
[White "Titarov, Vasilii"]
[Black "Tari, Aryan"]
[Result "0-1"]
[WhiteElo "2095"]
[BlackElo "2642"]
[PlyCount "62"]
[EventDate "2024.09.03"]
[EventType "swiss (blitz)"]
[EventRounds "11"]
[EventCountry "USA"]
[SourceTitle "EXT 2025"]
[Source "ChessBase"]
[SourceDate "2024.10.14"]
[SourceVersion "1"]
[SourceVersionDate "2024.10.14"]
[SourceQuality "1"]

1. e4 e5 2. Nf3 Nc6 3. Bb5 Nge7 4. 0-0 Ng6 5. c3 d5 6. exd5 Qxd5 7. Ba4 Bg4 8. Bb3 Qd7 9. h3 Be6 10. Re1 0-0-0 11. Bxe6 Qxe6 12. d4 Qd5 13. Qa4 e4 14. Nfd2 f5 15. Na3 Bxa3 16. Qxa3 Nf4 17. Nb3 Nd3 18. Rf1 f4 19. Nc5 Nxc5 20. Qxc5 Qxc5 21. dxc5 g5 22. Re1 Rhe8 23. h4 h6 24. g3 Ne5 25. Kg2 Nd3 26. Rf1 e3 27. fxe3 fxe3 28. hxg5 hxg5 29. Bxe3 Rxe3 30. Rad1 g4 31. Rd2 Nf4+ 0-1

[Event "Titled Tuesday intern op 27th Aug Early"]
[Site "Chess.com INT"]
[Date "2024.08.27"]
[Round "4"]
[White "Aliyev, Ravan"]
[Black "Titarov, Vasilii"]
[Result "1-0"]
[WhiteElo "2338"]
[BlackElo "2119"]
[PlyCount "67"]
[EventDate "2024.08.27"]
[EventType "swiss (blitz)"]
[EventRounds "11"]
[EventCountry "USA"]
[SourceTitle "EXT 2025"]
[Source "ChessBase"]
[SourceDate "2024.10.14"]
[SourceVersion "1"]
[SourceVersionDate "2024.10.14"]
[SourceQuality "1"]

1. Nf3 Nf6 2. d4 d5 3. Bf4 Bf5 4. e3 c6 5. Bd3 Bxd3 6. cxd3 e6 7. 0-0 Bd6 8. Bxd6 Qxd6 9. Nc3 0-0 10. e4 Qb4 11. Qe2 Nbd7 12. Rad1 a5 13. Rfe1 a4 14. a3 Qb6 15. h3 h6 16. Qc2 Qa5 17. Ne5 Nxe5 18. dxe5 Nd7 19. d4 Nb6 20. Re3 Nc4 21. Rg3 Rfd8 22. Qc1 Kh8 23. Qf4 Qc7 24. Rdd3 Nxb2 25. Rdf3 Rd7 26. exd5 exd5 27. Qg4 Rg8 28. Rf6 Qd8 29. Qh5 Qf8 30. Rxg7 Rxg7 31. Rxh6+ Rh7 32. Rxh7+ Kg8 33. Rh8+ Kg7 34. Qh6# 1-0

[Event "Titled Tuesday intern op 27th Aug Early"]
[Site "Chess.com INT"]
[Date "2024.08.27"]
[Round "8"]
[White "Matinian, Nikita"]
[Black "Titarov, Vasilii"]
[Result "1-0"]
[WhiteElo "2414"]
[BlackElo "2119"]
[PlyCount "85"]
[EventDate "2024.08.27"]
[EventType "swiss (blitz)"]
[EventRounds "11"]
[EventCountry "USA"]
[SourceTitle "EXT 2025"]
[Source "ChessBase"]
[SourceDate "2024.10.14"]
[SourceVersion "1"]
[SourceVersionDate "2024.10.14"]
[SourceQuality "1"]

1. e4 Nf6 2. e5 Nd5 3. d4 d6 4. Nf3 dxe5 5. Nxe5 c6 6. Be2 Bf5 7. 0-0 Nd7 8. Nf3 e6 9. c4 N5f6 10. Nc3 Bd6 11. Bg5 0-0 12. Qb3 Qc7 13. Rac1 b6 14. Rfd1 Bf4 15. Bxf4 Qxf4 16. g3 Qd6 17. Qa3 Qxa3 18. bxa3 h5 19. a4 Rfd8 20. Nh4 Bh7 21. Ng2 Ne4 22. Nxe4 Bxe4 23. Bxh5 Nf6 24. Be2 Bxg2 25. Kxg2 Rd7 26. Bf3 Rc8 27. c5 Nd5 28. Rc4 bxc5 29. Rxc5 Rb7 30. Rdc1 Rb4 31. R1c4 Rb2 32. Bxd5 exd5 33. Rxd5 Rxa2 34. Ra5 Rb8 35. Rxc6 Rb4 36. Rc8+ Kh7 37. Rc7 f6 38. Raxa7 Rbb2 39. Rxg7+ Kh8 40. Rgd7 Rxf2+ 41. Kh3 Rxh2+ 42. Kg4 f5+ 43. Kg5 1-0

[Event "Titled Tuesday intern op 27th Aug Early"]
[Site "Chess.com INT"]
[Date "2024.08.27"]
[Round "3"]
[White "Titarov, Vasilii"]
[Black "Kiseleva, Arina"]
[Result "1-0"]
[WhiteElo "2119"]
[BlackElo "1941"]
[PlyCount "63"]
[EventDate "2024.08.27"]
[EventType "swiss (blitz)"]
[EventRounds "11"]
[EventCountry "USA"]
[SourceTitle "EXT 2025"]
[Source "ChessBase"]
[SourceDate "2024.10.14"]
[SourceVersion "1"]
[SourceVersionDate "2024.10.14"]
[SourceQuality "1"]

1. e4 c6 2. Nf3 d5 3. d3 dxe4 4. dxe4 Qxd1+ 5. Kxd1 Bg4 6. Nbd2 Na6 7. h3 Bxf3+ 8. Nxf3 0-0-0+ 9. Ke2 f6 10. Be3 b6 11. g3 e5 12. h4 Kb7 13. Bh3 Bc5 14. Bc1 Nb4 15. Ne1 a5 16. c3 Na6 17. Nd3 Be7 18. Be3 h5 19. f4 exf4 20. gxf4 Nh6 21. Rhg1 Rh7 22. Rg6 Bf8 23. e5 Be7 24. Rag1 fxe5 25. Rxg7 Rxg7 26. Rxg7 Re8 27. Bd7 Rd8 28. Rxe7 Nc7 29. Nxe5 Ng8 30. Bxc6+ Kc8 31. Rg7 Nf6 32. Bxb6 1-0

[Event "Titled Tuesday intern op 30th Jul Early"]
[Site "Chess.com INT"]
[Date "2024.07.30"]
[Round "6"]
[White "Ahmad, Khagan"]
[Black "Titarov, Vasilii"]
[Result "1-0"]
[WhiteElo "2404"]
[BlackElo "2165"]
[PlyCount "103"]
[EventDate "2024.07.30"]
[EventType "swiss (blitz)"]
[EventRounds "11"]
[EventCountry "USA"]
[SourceTitle "EXT 2025"]
[Source "ChessBase"]
[SourceDate "2024.10.14"]
[SourceVersion "1"]
[SourceVersionDate "2024.10.14"]
[SourceQuality "1"]

1. e4 Nf6 2. e5 Nd5 3. d4 d6 4. Nf3 dxe5 5. Nxe5 c6 6. c4 Nf6 7. Nc3 Bf5 8. Be3 Nbd7 9. Nxd7 Qxd7 10. Bd3 Bxd3 11. Qxd3 e6 12. 0-0 Be7 13. Rfd1 0-0 14. Bg5 h6 15. Bh4 Rfd8 16. Qf3 Qc7 17. d5 exd5 18. Bxf6 Bxf6 19. cxd5 Bxc3 20. Qxc3 Qd6 21. Qb3 cxd5 22. Qxb7 d4 23. Qf3 Rab8 24. Rd2 a5 25. g3 a4 26. Rad1 Rb5 27. Kg2 Rd5 28. Rd3 h5 29. h4 g6 30. Re1 Kg7 31. Re4 Qc5 32. Rf4 R8d7 33. Qd1 Qc6 34. Qf3 Qc5 35. Kh2 R5d6 36. Kg2 Qb5 37. Re4 Qxb2 38. Qf4 Qb4 39. Qe5+ Kh7 40. Rf4 Qb7+ 41. Rdf3 Re6 42. Qc5 d3 43. Qc1 d2 44. Qd1 Re1 45. Qxd2 Rxd2 46. Rxf7+ Qxf7 47. Rxf7+ Kg8 48. Rf4 Rxa2 49. Rf6 Kg7 50. Ra6 Ree2 51. Ra7+ Kh6 52. Rf7 1-0

[Event "Titled Tuesday intern op 30th Jul Early"]
[Site "Chess.com INT"]
[Date "2024.07.30"]
[Round "3"]
[White "Herpai, Jozsef Matyas"]
[Black "Titarov, Vasilii"]
[Result "0-1"]
[WhiteElo "2011"]
[BlackElo "2165"]
[PlyCount "50"]
[EventDate "2024.07.30"]
[EventType "swiss (blitz)"]
[EventRounds "11"]
[EventCountry "USA"]
[SourceTitle "EXT 2025"]
[Source "ChessBase"]
[SourceDate "2024.10.14"]
[SourceVersion "1"]
[SourceVersionDate "2024.10.14"]
[SourceQuality "1"]

1. e4 Nf6 2. e5 Nd5 3. d4 d6 4. c4 Nb6 5. f4 dxe5 6. fxe5 Bf5 7. Be3 e6 8. Nc3 Nc6 9. Be2 Be7 10. Nf3 0-0 11. 0-0 f6 12. exf6 Bxf6 13. Qd2 Qe7 14. Rad1 Rad8 15. b3 Bg6 16. Qb2 e5 17. d5 Nd4 18. Nxd4 exd4 19. Bxd4 Bxd4+ 20. Kh1 Bxc3 21. Qxc3 Qxe2 22. Rfe1 Qc2 23. Qd4 Rde8 24. Rf1 Rxf1+ 25. Rxf1 Be4 0-1

[Event "Titled Tuesday intern op 30th Jul Early"]
[Site "Chess.com INT"]
[Date "2024.07.30"]
[Round "10"]
[White "Jakubowski, Krzysztof"]
[Black "Titarov, Vasilii"]
[Result "0-1"]
[WhiteElo "2457"]
[BlackElo "2165"]
[PlyCount "94"]
[EventDate "2024.07.30"]
[EventType "swiss (blitz)"]
[EventRounds "11"]
[EventCountry "USA"]
[SourceTitle "EXT 2025"]
[Source "ChessBase"]
[SourceDate "2024.10.14"]
[SourceVersion "1"]
[SourceVersionDate "2024.10.14"]
[SourceQuality "1"]

1. e4 c5 2. Nf3 e6 3. d4 cxd4 4. Nxd4 Nf6 5. Nc3 Nc6 6. Ndb5 Bc5 7. Bf4 0-0 8. Bc7 Qe7 9. Bd6 Bxd6 10. Qxd6 Qd8 11. a4 a6 12. Nd4 Ne8 13. Nxc6 bxc6 14. Qa3 a5 15. Bd3 Ba6 16. 0-0 Bxd3 17. cxd3 d5 18. Rac1 Nf6 19. Rc2 Qb6 20. Rfc1 Rab8 21. h3 Qb4 22. Qxb4 Rxb4 23. f3 Nd7 24. Nd1 c5 25. Ra1 d4 26. Kf2 e5 27. Ke2 Rfb8 28. Kd2 g6 29. Ra2 f6 30. Nf2 Kf7 31. Nh1 Ke6 32. Ng3 c4 33. Rxc4 Rxb2+ 34. Rxb2 Rxb2+ 35. Rc2 Rxc2+ 36. Kxc2 Nc5 37. Ne2 Nxa4 38. Kb3 Nb6 39. Nc1 Kd6 40. g4 Kc5 41. h4 Kb5 42. Ka3 Nd7 43. g5 fxg5 44. hxg5 Nc5 45. Kb2 Ne6 46. f4 Nxf4 47. Kc2 a4 0-1

[Event "Titled Tuesday intern op 30th Jul Early"]
[Site "Chess.com INT"]
[Date "2024.07.30"]
[Round "11"]
[White "Skliarov, Viktor"]
[Black "Titarov, Vasilii"]
[Result "0-1"]
[WhiteElo "2345"]
[BlackElo "2165"]
[PlyCount "60"]
[EventDate "2024.07.30"]
[EventType "swiss (blitz)"]
[EventRounds "11"]
[EventCountry "USA"]
[SourceTitle "EXT 2025"]
[Source "ChessBase"]
[SourceDate "2024.10.14"]
[SourceVersion "1"]
[SourceVersionDate "2024.10.14"]
[SourceQuality "1"]

1. e4 c5 2. Nf3 Nf6 3. e5 Nd5 4. Nc3 e6 5. Nxd5 exd5 6. d4 Nc6 7. dxc5 Bxc5 8. Qxd5 Qb6 9. Bc4 Bxf2+ 10. Ke2 0-0 11. Rf1 Bc5 12. Ng5 Nxe5 13. Qxe5 d5 14. Bd3 Bg4+ 15. Kd2 Rae8 16. Qxd5 Be3+ 17. Kc3 Rc8+ 18. Bc4 Be2 19. Rxf7 Rxc4+ 20. Qxc4 Bxc4 21. Rxf8+ Kxf8 22. Kxc4 Qd4+ 23. Kb3 Bxg5 24. Bxg5 Qd5+ 25. c4 Qxg5 26. Rf1+ Ke7 27. g3 Qe3+ 28. Ka4 Qe2 29. Rf4 Qxb2 30. a3 a6 0-1

[Event "Titled Tuesday intern op 30th Jul Early"]
[Site "Chess.com INT"]
[Date "2024.07.30"]
[Round "1"]
[White "Titarov, Vasilii"]
[Black "Navara, David"]
[Result "1/2-1/2"]
[WhiteElo "2165"]
[BlackElo "2674"]
[PlyCount "134"]
[EventDate "2024.07.30"]
[EventType "swiss (blitz)"]
[EventRounds "11"]
[EventCountry "USA"]
[SourceTitle "EXT 2025"]
[Source "ChessBase"]
[SourceDate "2024.10.14"]
[SourceVersion "1"]
[SourceVersionDate "2024.10.14"]
[SourceQuality "1"]

1. b3 e5 2. Bb2 Nc6 3. c4 Nf6 4. Nc3 d5 5. cxd5 Nxd5 6. e3 Nxc3 7. Bxc3 Bd6 8. d3 0-0 9. Nf3 Qe7 10. Be2 Bf5 11. 0-0 Rad8 12. e4 Bg4 13. Qc2 Bxf3 14. Bxf3 Bc5 15. Rac1 Ba3 16. Rcd1 Qc5 17. Qd2 Bb4 18. Rc1 Bxc3 19. Qxc3 Qxc3 20. Rxc3 Rd4 21. Be2 Rd7 22. Bg4 Re7 23. Rfc1 g6 24. g3 h5 25. Bh3 Rd8 26. Kg2 g5 27. Bf5 Kg7 28. a3 a5 29. b4 axb4 30. axb4 Nxb4 31. Rxc7 Rxc7 32. Rxc7 Nxd3 33. Rxb7 Ne1+ 34. Kf1 Nf3 35. Be6 g4 36. Rxf7+ Kg6 37. Rd7 Ra8 38. Rd1 Nxh2+ 39. Kg2 Nf3 40. Bf5+ Kg5 41. Rd6 Rg8 42. Rd7 h4 43. gxh4+ Kf4 44. Rf7 Nxh4+ 45. Kf1 Nxf5 46. exf5 Kf3 47. Ra7 Rf8 48. Ra3+ Kf4 49. Kg2 Rxf5 50. Ra4+ e4 51. Ra8 Rf7 52. Ra5 g3 53. fxg3+ Ke3 54. g4 Kf4 55. Kf2 Kxg4+ 56. Ke2 Kf4 57. Ra3 Rb7 58. Rc3 Rb2+ 59. Ke1 Rg2 60. Rb3 Rg3 61. Rxg3 Kxg3 62. Ke2 Kf4 63. Kf2 e3+ 64. Ke2 Ke4 65. Ke1 Kf3 66. Kf1 e2+ 67. Ke1 Ke3 1/2-1/2

[Event "Titled Tuesday intern op 25th Jun Early"]
[Site "Chess.com INT"]
[Date "2024.06.25"]
[Round "3"]
[White "Titarov, Vasilii"]
[Black "Aarav, Sinha"]
[Result "0-1"]
[WhiteElo "2170"]
[BlackElo "2300"]
[PlyCount "70"]
[EventDate "2024.06.25"]
[EventType "swiss (blitz)"]
[EventRounds "11"]
[EventCountry "USA"]
[SourceTitle "EXT 2025"]
[Source "ChessBase"]
[SourceDate "2024.10.14"]
[SourceVersion "1"]
[SourceVersionDate "2024.10.14"]
[SourceQuality "1"]

1. a3 e5 2. c4 Nf6 3. Nf3 Nc6 4. Nc3 d5 5. cxd5 Nxd5 6. e3 Nxc3 7. bxc3 Bd6 8. d4 0-0 9. Be2 exd4 10. exd4 Bf5 11. 0-0 h6 12. h3 Re8 13. Bd3 Qd7 14. Rb1 b6 15. a4 Na5 16. Rb5 Bxd3 17. Qxd3 a6 18. Rh5 Qxa4 19. Bxh6 gxh6 20. Rxh6 Qc4 21. Qh7+ Kf8 22. Rf6 Ke7 23. Re1+ Kd7 24. Ne5+ Bxe5 25. dxe5 Kc8 26. Rxf7 Kb7 27. Re3 Rad8 28. Kh2 Nb3 29. e6 a5 30. e7 Ra8 31. Re4 Qc6 32. Re1 a4 33. Rf8 Rxf8 34. exf8Q Rxf8 35. Qg7 Rd8 0-1

[Event "Titled Tuesday intern op 18th Jun Early"]
[Site "Chess.com INT"]
[Date "2024.06.18"]
[Round "1"]
[White "Swiatlowski, Lukasz"]
[Black "Titarov, Vasilii"]
[Result "0-1"]
[WhiteElo "2199"]
[BlackElo "2171"]
[PlyCount "138"]
[EventDate "2024.06.18"]
[EventType "swiss (blitz)"]
[EventRounds "11"]
[EventCountry "USA"]
[SourceTitle "EXT 2025"]
[Source "ChessBase"]
[SourceDate "2024.10.14"]
[SourceVersion "1"]
[SourceVersionDate "2024.10.14"]
[SourceQuality "1"]

1. Nf3 Nf6 2. g3 g6 3. Bg2 Bg7 4. d3 c5 5. 0-0 0-0 6. e4 Nc6 7. Nc3 e5 8. Bg5 d6 9. Qd2 Be6 10. Bh6 Qd7 11. Bxg7 Kxg7 12. Nd1 h6 13. c3 d5 14. Qc2 Rad8 15. Re1 Rfe8 16. Ne3 d4 17. cxd4 cxd4 18. Nc4 Bxc4 19. Qxc4 Rc8 20. Qa4 Qd6 21. a3 Nd7 22. Bh3 Nb6 23. Qd1 Rc7 24. Rc1 Na5 25. Rxc7 Qxc7 26. b4 Nc6 27. Qb3 Qd6 28. Rc1 Rf8 29. Nd2 h5 30. Nc4 Nxc4 31. Qxc4 a6 32. Qc5 Qf6 33. Rf1 Qf3 34. Qc2 h4 35. Qd1 Qf6 36. Bd7 Rh8 37. Qg4 Nb8 38. Ba4 b5 39. Bb3 Nc6 40. f4 hxg3 41. hxg3 exf4 42. Rxf4 Ne5 43. Rxf6 Nxg4 44. Rxf7+ Kh6 45. Rf4 Kg5 46. Bd5 Rh3 47. Rf3 Ne5 48. Kg2 Rh8 49. Rf2 Rc8 50. Bb7 Rc3 51. Bxa6 Rxa3 52. Bxb5 Rb3 53. Ba6 Rxb4 54. Rd2 Rb3 55. Kf2 Ra3 56. Bb5 Kg4 57. Kg2 Kg5 58. Kf2 Rb3 59. Ba4 Rb4 60. Bd1 Ng4+ 61. Kg2 Ne3+ 62. Kf2 Rb8 63. Bf3 Rf8 64. Rb2 Rh8 65. Rb5+ Kf6 66. Kg1 Rh3 67. g4 Rxf3 68. Rb6+ Kg5 69. Rb5+ Kxg4 0-1

[Event "Titled Tuesday intern op 11th Jun Early"]
[Site "Chess.com INT"]
[Date "2024.06.11"]
[Round "6"]
[White "Haug, Havard"]
[Black "Titarov, Vasilii"]
[Result "0-1"]
[WhiteElo "2306"]
[BlackElo "2171"]
[PlyCount "68"]
[EventDate "2024.06.11"]
[EventType "swiss (blitz)"]
[EventRounds "11"]
[EventCountry "USA"]
[SourceTitle "EXT 2025"]
[Source "ChessBase"]
[SourceDate "2024.10.14"]
[SourceVersion "1"]
[SourceVersionDate "2024.10.14"]
[SourceQuality "1"]

1. e4 c6 2. d4 d5 3. e5 Bf5 4. h4 h6 5. Bd3 Bxd3 6. Qxd3 e6 7. Nd2 a6 8. Ne2 c5 9. c4 Nc6 10. dxc5 Bxc5 11. Qg3 Nge7 12. Nb3 Nf5 13. Qf3 Bb4+ 14. Bd2 dxc4 15. a3 Nxe5 16. Qxb7 Bxd2+ 17. Nxd2 Nd3+ 18. Kf1 0-0 19. Nxc4 Rb8 20. Qxa6 Nxb2 21. g4 Qd5 22. Rg1 Nxc4 23. gxf5 Nd2+ 24. Ke1 Nf3+ 25. Kf1 Nxg1 26. Nxg1 Qxf5 27. a4 Rb2 28. Qa7 Rd8 29. a5 Rdd2 30. Qa8+ Kh7 31. Nf3 Rxf2+ 32. Ke1 Rxf3 33. Qxf3 Qxf3 34. Ra2 Qe2# 0-1

[Event "Titled Tuesday intern op 11th Jun Early"]
[Site "Chess.com INT"]
[Date "2024.06.11"]
[Round "9"]
[White "Titarov, Vasilii"]
[Black "Piorun, Kacper"]
[Result "1-0"]
[WhiteElo "2171"]
[BlackElo "2611"]
[PlyCount "129"]
[EventDate "2024.06.11"]
[EventType "swiss (blitz)"]
[EventRounds "11"]
[EventCountry "USA"]
[SourceTitle "EXT 2025"]
[Source "ChessBase"]
[SourceDate "2024.10.14"]
[SourceVersion "1"]
[SourceVersionDate "2024.10.14"]
[SourceQuality "1"]

1. a3 a6 2. e3 e6 3. d4 d5 4. c4 Nf6 5. Nc3 b6 6. Nf3 Bd6 7. cxd5 exd5 8. g3 0-0 9. Bg2 Re8 10. 0-0 Bb7 11. Qc2 Nbd7 12. Rd1 Qe7 13. b4 Ne4 14. Bb2 Rac8 15. Nxe4 dxe4 16. Nd2 Nf6 17. Nc4 Bd5 18. Rac1 Qe6 19. Qe2 b5 20. Ne5 h5 21. h4 Qf5 22. Qf1 Ng4 23. Bh3 f6 24. Nxg4 hxg4 25. Bg2 Qe6 26. Qe2 f5 27. Rc5 Bxc5 28. dxc5 Bc4 29. Qd2 Rcd8 30. Bd4 Rd7 31. Bf1 Bxf1 32. Kxf1 c6 33. Kg2 Qb3 34. Ra1 Ra8 35. Qc1 a5 36. Rb1 Qd5 37. a4 axb4 38. axb5 cxb5 39. Rxb4 Qc6 40. Qb2 Rb7 41. Qb3+ Kh7 42. Qb2 Ra4 43. Rb3 b4 44. Qc2 Rba7 45. Qc4 Rb7 46. h5 Qh6 47. Qd5 Rc7 48. Qxf5+ Kg8 49. Qxg4 Rf7 50. Qc8+ Kh7 51. Qe8 Qxh5 52. Qxe4+ Qg6 53. Qh4+ Qh6 54. Qxh6+ Kxh6 55. Be5 Rb7 56. c6 Rb6 57. c7 Rc6 58. Kf3 Ra5 59. Ke4 Rcc5 60. f4 Rc4+ 61. Kd3 Rc6 62. Rxb4 Ra3+ 63. Ke4 Kg6 64. Rb8 Ra8 65. Rxa8 1-0